000 01847nam0a2200421 4500
001 RU\NLR\BIBL_A\022433819
005 20250203095955.0
010 _a978-5-317-07261-2
_9500
021 _aRU
_bКН-П-24-072181
_9КН-П-24-7206
035 _a(NLR Aleph) 022433819
090 _a13346775
_c13346775
100 _a20250123d2024 k y0rusy50 ca
101 0 _arus
102 _aRU
105 _aah z 000yy
181 0 _ai3
_baxxe
182 0 _an
200 1 _aДеструкция озона и окисление монооксида углерода и метана
_eмонография
_fС. Н. Ткаченко
203 _aТекст
_bвизуальный
_cнепосредственный
205 _a2-е изд., испр. и доп.
210 _aМосква
_cМакс-Пресс
_d2024
215 _a596 с.
_cил., факс.
_d24
300 _aНа 4-й с. обл. авт.: Ткаченко С. Н., д-р хим. наук, проф.
320 _aБиблиогр.: 441-504 (366 назв.)
320 _aПубл. авт. по теме монографии: с. 505-526 (99 назв.)
606 1 _aОзон
_xРазложение
_92354637
_3RU\NLR\AUTH\6601629236
606 1 _aОзон
_xФотолиз
_91756386
_3RU\NLR\AUTH\66787350
606 1 _aМетан
_xОкисление каталитическое
_92662289
_3RU\NLR\AUTH\6601750316
606 1 _aОксиды углерода
_xОкисление каталитическое
_91790317
_3RU\NLR\AUTH\66805594
686 1 _aГ126.1-17
686 1 _aГ552.2
686 1 _aЛ547.104
686 1 _aГ124.1-27
700 1 _aТкаченко
_bС. Н.
_cд-р хим. наук
_f1955-
_gСергей Николаевич
_9155106
_3RU\NLR\AUTH\770155145
942 _cBOOK
980 _aNB